| 000 | 00845nam a22002417a 4500 | ||
|---|---|---|---|
| 005 | 20130920150652.0 | ||
| 010 | _aB-514672-713 | ||
| 020 |
_a8184822162 _c225.00 |
||
| 020 |
_a9788184822168 _c225.00 |
||
| 035 | _aB-514672-713 | ||
| 037 | _bUBH/Ven. | ||
| 082 | _aS | ||
| 245 |
_a Stories from Sanskrit drama / _cedited by Anant pai; illustrated by K.P. Shankar |
||
| 260 |
_aMumbai _bAmar Chitra Katha _c2012 |
||
| 270 |
_aThe Forum, 3rd Floor, Raghuvanshi Mill Compound, S.B. Marg, Lower Parel (W) _bMumbai _e400013 |
||
| 300 |
_avarious pages : _c24cm(Hb) _bill. |
||
| 500 | _a5-in-1 | ||
| 505 | _aShakuntala, Urvashi, Udayana,Vasantasena, Ratnavali | ||
| 700 | _aPai, Anant | ||
| 700 | _aShankar, K. P. | ||
| 942 |
_2ddc _cCH _mSTO _hS |
||
| 999 |
_c79054 _d79054 |
||